Desacralización y catequesis (Record no. 121419)

MARC details
000 -LEADER
campo de control de longitud fija 00756nam a2200205 i 4500
001 - NÚMERO DE CONTROL
campo de control 121419
003 - IDENTIFICADOR DE NÚMERO DE CONTROL
campo de control ES-MaACL
005 - FECHA Y HORA DE LA ÚLTIMA TRANSACCIÓN
campo de control 20230906191741.0
007 - CAMPO FIJO DE DESCRIPCIÓN FÍSICA--INFORMACIÓN GENERAL
campo de control de longitud fija t|
008 - DATOS DE LONGITUD FIJA--INFORMACIÓN GENERAL
campo de control de longitud fija 070214s1973 sp r ||||1| spa d
100 1# - ENTRADA PRINCIPAL--NOMBRE DE PERSONA
Nombre de persona Placer Ugarte, Félix.
9 (RLIN) 92504
245 10 - MENCIÓN DEL TÍTULO
Título Desacralización y catequesis
Resto del título : la sociología de la desacralización y la comunicación del mensaje de la fe según la constitución pastoral `Gaudium et Spes` /
Mención de responsabilidad, etc. Félix Placer Ugarte.
260 ## - PUBLICACIÓN, DISTRIBUCIÓN, ETC.
Lugar de publicación, distribución, etc. Madrid :
Nombre del editor, distribuidor, etc. Propaganda Popular Católica,
Fecha de publicación, distribución, etc. 1973.
300 ## - DESCRIPCIÓN FÍSICA
Extensión 221 p. ;
Dimensiones 22 cm.
490 1# - MENCIÓN DE SERIE
Mención de serie Teología y acción pastoral
650 14 - PUNTO DE ACCESO ADICIONAL DE MATERIA--TÉRMINO DE MATERIA
Término de materia o nombre geográfico como elemento de entrada Iglesia y mundo.
9 (RLIN) 136257
830 0# - PUNTO DE ACCESO ADICIONAL DE SERIE-TÍTULO UNIFORME
Título uniforme Teología y acción pastoral
9 (RLIN) 183630
852 ## - LOCALIZACIÓN
Ubicación ES-MaACL
Número de control de estantería C-52985
Sublocalización o colección R.86258
Holdings
Estatus retirado Estado de pérdida Estado de daño No para préstamo Biblioteca de origen Biblioteca actual Ubicación en estantería Fecha de adquisición Fuente de adquisición Total de préstamos Signatura topográfica completa Código de barras Visto por última vez Precio de reemplazo Tipo de ítem Koha
        Biblioteca del Ateneo de Madrid Biblioteca del Ateneo de Madrid Depósito 2 17/01/2008     C-52985 1126538 23/02/2023 23/02/2023 Libro impreso